Euroopan kaupungit kirjaimittain - D - Statistics

Yleistilastot
  • Tätä visaa on pelattu 38 kertaa
  • Keskiarvotulos 8 / 18
Vastaukset kartalla
Vastauksille on annettu kartalla punavihreä väri sen mukaan, kuinka moni on saanut sen oikein.
 
Vastaustilastot
% Oikein
Saksa Dresden 564 904 51.033333 13.733333
93%
Irlanti Dublin 1 263 219 53.333333 -6.25
90%
Saksa Düsseldorf 618 685 51.216667 6.783333 Daugavpils 55.883333 26.533333 4 daugavpils Davos 46.8 9.833333 4 davos Debrecen 47.53 21.639167 4 debrecen Derby 52.922 -1.477 4 derby Dijon 47.290556 5.042778 4 dijon Dnipro 48.45 34.983333 4 dnipro Domodedovo 55.437167 37.767278 4 domodedovo Donetsk 48.0028 37.8053 4 donetsk Dortmund 51.516667 7.466667 4 dortmund Dos Hermanas 37.283611 -5.922222 4 dos-hermanas Douglas 54.15 -4.483333 4 douglas Drammen 59.737778 10.205 4 drammen Dresden 51.033333 13.733333 4 dresden Dublin 53.333333 -6.25 4 dublin Dubrovnik 42.633333 18.1 4 dubrovnik Duisburg 51.433333 6.766667 4 duisburg Durrës 41.316667 19.45 4 durres Düsseldorf 51.216667 6.783333 4 dusseldorf
80%
Norja Drammen 105 452 59.737778 10.205
73%
Ukraina Donetsk 901 645 48.0028 37.8053
70%
Saksa Dortmund 603 462 51.516667 7.466667
63%
Kroatia Dubrovnik 26 922 42.633333 18.1
60%
Latvia Daugavpils 78 112 55.883333 26.533333
47%
Ukraina Dnipro 968 502 48.45 34.983333
43%
Saksa Duisburg 502 270 51.433333 6.766667
43%
Unkari Debrecen 202 130 47.53 21.639167
37%
Sveitsi Davos 10 774 46.8 9.833333
33%
Ranska Dijon 161 830 47.290556 5.042778
33%
Iso-Britannia(Mansaari) Douglas 26 677 54.15 -4.483333
30%
Iso-Britannia Derby 275 599 52.922 -1.477
23%
Albania Durrës 101 728 41.316667 19.45
17%
Espanja Dos Hermanas 142 463 37.283611 -5.922222
7%
Venäjä Domodedovo 158 046 55.437167 37.767278
0%
Ehtoja vastaavia visoja ei löytynyt
Tulosjakauma
Jokaisen tuloksen saaneiden osuus
Persentiili vastausten määrän mukaan
Tuloshistoriasi
Et ole pelannut tätä visaa